[Event "Hastings Masters 2025-26"]
[Site "Hastings ENG"]
[Date "2026.01.01"]
[Round "7.9"]
[White "Ashton, Adam G"]
[Black "Kalavannan, Koby"]
[Result "1/2-1/2"]
[WhiteTitle "FM"]
[BlackTitle "FM"]
[WhiteElo "2247"]
[BlackElo "2275"]
[WhiteFideId "410110"]
[BlackFideId "425753"]
[EventDate "2025.12.28"]

1. e4 c5 2. Nf3 Nc6 3. d4 cxd4 4. Nxd4 Qb6 5. Nb3 Nf6 6. Nc3 e6 7. Bd3 Bb4 8.
Bd2 O-O 9. O-O d5 10. exd5 exd5 11. a3 Be7 12. Bg5 Be6 13. Ne2 Rad8 14. Be3 Qc7
15. Nbd4 1/2-1/2

[Event "Hastings Masters 2025-26"]
[Site "Hastings ENG"]
[Date "2026.01.01"]
[Round "7.10"]
[White "Ward, Cian"]
[Black "Balaji, Aaravamudhan"]
[Result "1/2-1/2"]
[BlackTitle "IM"]
[WhiteElo "1947"]
[BlackElo "2270"]
[WhiteFideId "475599"]
[BlackFideId "436224"]
[EventDate "2025.12.28"]

1. e4 g6 2. d4 Bg7 3. Nc3 d6 4. Bg5 a6 5. h3 Nc6 6. Nf3 Nf6 7. e5 Nd7 8. exd6
cxd6 9. Bc4 O-O 10. O-O Nb6 11. Bb3 d5 12. Re1 Bf5 13. Qd2 Re8 14. Ne2 Nc8 15.
g4 Bd7 16. Bxd5 Nd6 17. Ng3 Qc8 18. Ne5 e6 19. Nxd7 Qxd7 20. Bxc6 Qxc6 21. c3
Nc4 22. Qc2 b5 23. Ne4 e5 24. Rad1 h6 25. Be3 Nxe3 26. fxe3 Rad8 27. Qg2 Qd5 28.
a3 Kh8 29. Nd2 Qd6 30. Rf1 Qe6 31. Nf3 Kg8 32. Qf2 exd4 33. exd4 Rf8 34. Rde1
Qd5 35. Ne5 a5 36. Qg2 Qb3 37. Nc6 Ra8 38. Ne5 b4 39. axb4 axb4 40. Rxf7 Rxf7
41. Qxa8+ Rf8 42. Qb7 Qxb2 43. Qd5+ Kh7 44. Qe4 Qf2+ 45. Kh1 Bxe5 46. Qxe5 Qf3+
47. Kh2 Qf2+ 48. Kh1 Qf3+ 49. Kh2 bxc3 50. Qe3 Qd5 51. Re2 Rf3 52. Qe7+ Rf7 53.
Qe5 Qb3 54. Qe4 Rc7 55. Rc2 Qa4 56. Qd3 Qb4 57. Kg2 Qb7+ 58. Kh2 Qb8 59. Qg3 Qa7
60. d5 Rc4 61. Qd3 Qc5 62. d6 Rd4 63. Qxc3 Qxd6+ 64. Qg3 Qe6 65. Qc7+ Rd7 66.
Qg3 Qb6 67. Qf4 Re7 68. Qg3 Rf7 69. Qe5 Qd8 70. Qg3 Kg8 71. Rf2 Rd7 72. Qb3+ Kg7
73. Qg3 Kh7 74. Qf4 Qb6 75. Qf6 Qe3 76. Qf4 Qe1 77. Qf3 Re7 78. Qf6 Rd7 79. Qf3
Qe5+ 80. Qf4 Qd5 81. Qf3 Qc5 82. Qf4 Ra7 83. Qf3 Qe7 84. Qf6 1/2-1/2

[Event "Hastings Masters 2025-26"]
[Site "Hastings ENG"]
[Date "2026.01.01"]
[Round "7.11"]
[White "Liu, Yiyi"]
[Black "Grutter, Tim"]
[Result "0-1"]
[BlackTitle "IM"]
[WhiteElo "1791"]
[BlackElo "2397"]
[WhiteFideId "8617171"]
[BlackFideId "1057472"]
[EventDate "2025.12.28"]

1. d4 d6 2. c4 e5 3. dxe5 dxe5 4. Qxd8+ Kxd8 5. g3 Be6 6. b3 Bb4+ 7. Bd2 a5 8.
a3 Bd6 9. Bh3 f5 10. e4 Ne7 11. a4 Na6 12. exf5 Bxf5 13. Bxf5 Nxf5 14. Bc3 Nd4
15. Bxd4 exd4 16. Nd2 Nb4 17. Rd1 Kd7 18. Ngf3 Rae8+ 19. Kf1 c5 20. Ng5 Re7 21.
Nge4 Rhe8 22. f3 Nc2 23. Kf2 Rf8 24. Rc1 Nb4 25. Kg2 g5 26. h4 g4 27. fxg4 Kc7
28. Kh3 Rfe8 29. Nf6 Rf8 30. Nfe4 Rfe8 31. Nf6 Rf8 32. Nde4 Be5 33. Rhf1 Bxf6
34. Nxf6 Rd8 35. Rcd1 Re2 36. g5 d3 37. Rf5 d2 38. Nd5+ Nxd5 39. cxd5 Kd6 40.
Rf3 Ke5 41. Kg4 Ke4 42. Rf7 Kd3 43. Rxh7 Kc2 44. Rxd2+ Rxd2 45. Rxb7 Rd4+ 46.
Kh5 Rb4 47. Rc7 Rxd5 48. Kh6 Rxb3 49. g6 Rxg3 50. g7 Kd3 51. Rc8 c4 52. g8=Q
Rxg8 53. Rxg8 c3 54. Rg3+ Kc4 55. Rg1 c2 0-1

[Event "Hastings Masters 2025-26"]
[Site "Hastings ENG"]
[Date "2026.01.01"]
[Round "7.12"]
[White "Badacsonyi, Stanley"]
[Black "Blanquet, Camille"]
[Result "1-0"]
[WhiteTitle "FM"]
[BlackTitle "WFM"]
[WhiteElo "2317"]
[BlackElo "2132"]
[WhiteFideId "486973"]
[BlackFideId "36037354"]
[EventDate "2025.12.28"]

1. d4 Nf6 2. c4 e6 3. g3 d5 4. Bg2 Bb4+ 5. Nd2 O-O 6. Nf3 dxc4 7. Qc2 b5 8. a4
Bd7 9. axb5 Bxb5 10. O-O Nbd7 11. Nxc4 c5 12. Rd1 Qe7 13. Bf4 Bxc4 14. Qxc4 Nb6
15. Qa6 Nfd5 16. dxc5 Bxc5 17. Bd2 Nd7 18. e4 N5f6 19. Qe2 Ng4 20. Be1 e5 21.
Nh4 Ngf6 22. Nf5 Qe6 23. b4 Bb6 24. Bh3 Kh8 25. Kg2 Qc6 26. Rac1 Qa4 27. Nxg7
Kxg7 28. Bxd7 Nxd7 29. Qg4+ Kh8 30. Rxd7 Rad8 31. Rxd8 Rxd8 32. Qf5 Qe8 33. Qf6+
Kg8 34. Bc3 Bd4 35. Bd2 Qf8 36. Bh6 Rd6 37. Qg5+ Rg6 38. Qxg6+ 1-0

[Event "Hastings Masters 2025-26"]
[Site "Hastings ENG"]
[Date "2026.01.01"]
[Round "7.13"]
[White "Manmay Chopra"]
[Black "Southcott-Moyers, Indy"]
[Result "1/2-1/2"]
[WhiteTitle "CM"]
[BlackTitle "FM"]
[WhiteElo "2170"]
[BlackElo "2266"]
[WhiteFideId "25649191"]
[BlackFideId "488542"]
[EventDate "2025.12.28"]

1. Nf3 d5 2. g3 c5 3. Bg2 Nc6 4. d4 Nf6 5. O-O e6 6. c4 dxc4 7. dxc5 Qxd1 8.
Rxd1 Bxc5 9. Nbd2 c3 10. bxc3 O-O 11. Nb3 Be7 12. Nfd4 Nxd4 13. cxd4 Nd5 14. Bd2
f5 15. Na5 Bf6 16. e3 b6 17. Nc6 Bb7 18. Nb4 Rac8 19. a4 Rf7 20. a5 Nxb4 21.
Bxb4 Bxg2 22. Kxg2 1/2-1/2

[Event "Hastings Masters 2025-26"]
[Site "Hastings ENG"]
[Date "2026.01.01"]
[Round "7.14"]
[White "Adams, Henry"]
[Black "Demac, Elias"]
[Result "1-0"]
[WhiteElo "2159"]
[BlackElo "2230"]
[WhiteFideId "464562"]
[BlackFideId "1505807"]
[EventDate "2025.12.28"]

1. d4 f5 2. c4 Nf6 3. Nc3 d6 4. Nf3 g6 5. g3 Bg7 6. Bg2 O-O 7. O-O Qe8 8. Re1
Qf7 9. e4 fxe4 10. Ng5 Qxc4 11. Ngxe4 c6 12. Nxf6+ Bxf6 13. Bh6 Rd8 14. d5 Bf5
15. dxc6 bxc6 16. Nd5 Bxb2 17. Nxe7+ Kh8 18. Nxf5 gxf5 19. Rb1 Bf6 20. Qh5 Qg4
21. Re8+ Rxe8 22. Qxe8+ Qg8 23. Bf8 Bg7 24. Bxg7+ Kxg7 25. Rb7+ Kh8 26. Qe7 1-0

[Event "Hastings Masters 2025-26"]
[Site "Hastings ENG"]
[Date "2026.01.01"]
[Round "7.15"]
[White "Hill, Alistair"]
[Black "Sivanandan, Bodhana"]
[Result "1/2-1/2"]
[BlackTitle "WIM"]
[WhiteElo "2104"]
[BlackElo "2229"]
[WhiteFideId "432407"]
[BlackFideId "497592"]
[EventDate "2025.12.28"]

1. e4 e5 2. Nf3 Nf6 3. Nxe5 d6 4. Nf3 Nxe4 5. d3 Nf6 6. d4 d5 7. Bd3 Bd6 8. Qe2+
Qe7 9. Nc3 Qxe2+ 10. Nxe2 Bg4 11. Ne5 Bxe2 12. Kxe2 Nbd7 13. Re1 O-O 14. Nxd7
Nxd7 15. Kf1 Rfe8 16. Bg5 f6 17. Bd2 c6 18. h4 g6 19. a4 f5 20. Bg5 Kg7 21. g3
h6 22. Bd2 Nf6 23. Rxe8 Rxe8 24. Be1 f4 25. Kg2 g5 26. hxg5 hxg5 27. f3 fxg3 28.
Bxg3 Bxg3 29. Kxg3 Kf7 30. Rh1 Rg8 31. Bf5 Re8 32. Kf2 Rg8 33. c3 Re8 34. Rh6
Rg8 35. b4 a6 36. a5 g4 37. fxg4 Nxg4+ 38. Bxg4 Rxg4 39. Rh7+ Rg7 40. Rxg7+ Kxg7
41. Kg3 Kf7 42. Kf3 Kg7 43. Kg3 1/2-1/2

[Event "Hastings Masters 2025-26"]
[Site "Hastings ENG"]
[Date "2026.01.01"]
[Round "7.16"]
[White "Martin, Nils"]
[Black "Brown, Thomas"]
[Result "1-0"]
[WhiteTitle "FM"]
[WhiteElo "2222"]
[BlackElo "2082"]
[WhiteFideId "45160473"]
[BlackFideId "1801430"]
[EventDate "2025.12.28"]

1. e4 c6 2. d4 d5 3. Nd2 dxe4 4. Nxe4 Nf6 5. Nxf6+ exf6 6. c3 a5 7. Bd3 Na6 8.
Ne2 g6 9. h4 Bg7 10. h5 f5 11. Be3 Nc7 12. Qd2 Nd5 13. Bh6 Bf6 14. O-O-O Be6 15.
Nf4 Nxf4 16. Qxf4 g5 17. Qd2 Rg8 18. f4 g4 19. Qe2 Qd5 20. c4 Qxd4 21. Bxf5
Qxc4+ 22. Qxc4 Bxc4 23. Rhe1+ Be6 24. Bb1 Rd8 25. f5 Rxd1+ 26. Kxd1 Bg5 27. Bxg5
Rxg5 28. h6 Rh5 29. fxe6 Rxh6 30. Bf5 g3 31. Re3 fxe6 32. Rxe6+ Rxe6 33. Bxe6 h5
34. Ke2 1-0

[Event "Hastings Masters 2025-26"]
[Site "Hastings ENG"]
[Date "2026.01.01"]
[Round "7.17"]
[White "Bryant, Harry"]
[Black "Herzwurm, Robert"]
[Result "1-0"]
[WhiteTitle "CM"]
[WhiteElo "2207"]
[BlackElo "2047"]
[WhiteFideId "489158"]
[BlackFideId "4668570"]
[EventDate "2025.12.28"]

1. e4 e6 2. d4 d5 3. e5 c5 4. c3 Nc6 5. Nf3 Bd7 6. Be2 f6 7. O-O fxe5 8. Nxe5
Nxe5 9. dxe5 Qc7 10. Re1 O-O-O 11. a4 Nh6 12. Na3 Nf7 13. Nb5 Bxb5 14. axb5 b6
15. Bg4 Re8 16. Qxd5 1-0

[Event "Hastings Masters 2025-26"]
[Site "Hastings ENG"]
[Date "2026.01.01"]
[Round "7.18"]
[White "Clarke, Connor"]
[Black "Vaidyanathan, Adithya"]
[Result "0-1"]
[WhiteElo "2058"]
[BlackElo "2189"]
[WhiteFideId "457655"]
[BlackFideId "495450"]
[EventDate "2025.12.28"]

1. e4 c5 2. Nf3 Nc6 3. Bc4 Nf6 4. e5 Ng4 5. Qe2 Qc7 6. Bxf7+ Kxf7 7. Qc4+ Ke8 8.
Qxg4 Nxe5 9. Qh5+ Nf7 10. Nc3 g6 11. Qh4 Bg7 12. O-O Qc6 13. Re1 Bf6 14. Qe4 Kf8
15. d3 d6 16. Qf4 d5 17. Qg3 b5 18. a4 b4 19. Nb5 Bd7 20. Ng5 h6 21. Nxf7 Kxf7
22. Bf4 a6 23. Nc7 Rac8 24. Re3 d4 25. Re2 g5 26. Rae1 gxf4 27. Qxf4 Qxc7 28.
Rxe7+ Kg6 29. R1e5 Qxe5 30. Rxe5 Bxe5 31. Qxe5 Rce8 32. Qg3+ Kh7 33. h4 Rhg8 34.
Qd6 Bh3 35. g3 Bc8 36. Qxc5 Bb7 37. Qf5+ Kh8 38. Qf6+ Rg7 39. f3 Kg8 40. Kh2 Re3
41. g4 Bxf3 42. g5 hxg5 43. hxg5 Rh7+ 44. Kg1 Bb7 45. Qd8+ Kf7 46. Qc7+ Kg6 47.
Qd6+ Kxg5 48. Qc5+ Kg6 49. Qd6+ Kf5 50. Qc5+ Ke6 51. Qg5 Rh1+ 52. Kf2 Rh2+ 53.
Kf1 Rf3+ 54. Ke1 Rg2 55. Qh4 Rg1+ 56. Ke2 Re3+ 57. Kf2 Rg2+ 58. Kf1 Rge2 59.
Qh6+ Kd7 60. Qg7+ Kc8 61. Qf8+ Kc7 62. Qf4+ Re5 63. c3 Re1+ 64. Kf2 Kc8 65. Qf8+
Re8 66. Qc5+ Kb8 67. Qd6+ Ka8 68. Qxd4 R8e2+ 69. Kg3 Re3+ 70. Kf2 R3e2+ 71. Kg3
Rg2+ 72. Kf4 Rf1+ 73. Ke5 Rg5+ 74. Ke6 Re1+ 75. Kf6 Rd5 76. Qxb4 Rf1+ 77. Ke6
Rxd3 78. Qh4 Rf8 79. a5 Re8+ 80. Kf7 Rc8 81. Qb4 Rc6 82. Ke7 Rh3 83. Kf7 Rh7+
84. Kg8 Rd7 0-1

[Event "Hastings Masters 2025-26"]
[Site "Hastings ENG"]
[Date "2026.01.01"]
[Round "7.19"]
[White "Lee, Younggyu"]
[Black "Kapechun, Mikhailo"]
[Result "1-0"]
[WhiteElo "1892"]
[BlackElo "2184"]
[WhiteFideId "13227378"]
[BlackFideId "34147527"]
[EventDate "2025.12.28"]

1. Nf3 c5 2. b3 Nc6 3. Bb2 Nf6 4. e3 g6 5. Bxf6 exf6 6. c4 Bg7 7. Nc3 O-O 8. Be2
f5 9. O-O Qa5 10. Qc1 Re8 11. Re1 d6 12. a3 Be6 13. b4 Qd8 14. Rb1 b6 15. Rd1 f4
16. d4 cxb4 17. axb4 Bf5 18. e4 Bxe4 19. Nxe4 Rxe4 20. Bd3 Re8 21. Qxf4 Qf6 22.
Qxf6 Bxf6 23. d5 Ne7 24. b5 Rac8 25. Rb4 Rc7 26. g3 Kg7 27. Ra4 Ng8 28. Kg2 Bc3
29. Rc1 Be5 30. Rc2 Ree7 31. Rca2 Bc3 32. R2a3 Bf6 33. g4 h6 34. h4 Kf8 35. h5
g5 36. Ra2 Bg7 37. Bf5 Bc3 38. Rc2 Bh8 39. Rca2 Ke8 40. R2a3 Kd8 41. Re3 Bg7 42.
Kf1 Rb7 43. Ke2 Kc7 44. Kd3 Kb8 45. Ra2 Rbc7 46. Rae2 Kb7 47. Bh7 Rxe3+ 48. Rxe3
Ne7 49. Ne1 a6 50. bxa6+ Kxa6 51. Rf3 Be5 52. Be4 f6 53. Nc2 b5 54. cxb5+ Kxb5
55. Kd2 Kc4 56. Rd3 Kc5 57. Ra3 Rb7 58. Kd3 f5 59. gxf5 Ng8 60. Ra8 Nf6 61. Rc8+
Kb5 62. Bf3 Ra7 63. Ne3 Ra3+ 64. Kd2 Bf4 65. Rc6 g4 66. Be2+ Kb4 67. Rc4+ Ka5
68. Rxf4 1-0

[Event "Hastings Masters 2025-26"]
[Site "Hastings ENG"]
[Date "2026.01.01"]
[Round "7.21"]
[White "Siddharth, Gopakumar"]
[Black "Skytte, Rasmus"]
[Result "0-1"]
[BlackTitle "IM"]
[WhiteElo "1864"]
[BlackElo "2354"]
[WhiteFideId "5053463"]
[BlackFideId "1404210"]
[EventDate "2025.12.28"]

1. e4 g6 2. d4 Bg7 3. Nc3 d6 4. Be3 c6 5. a4 Nf6 6. Qd2 O-O 7. O-O-O a6 8. f3 b5
9. b3 Nbd7 10. h4 e5 11. dxe5 dxe5 12. g4 Qa5 13. h5 Re8 14. Na2 Qxd2+ 15. Rxd2
Bf8 16. a5 Nc5 17. Ne2 Be6 18. Kb2 Nb7 19. hxg6 fxg6 20. g5 Nh5 21. Bh3 Bxh3 22.
Rxh3 Nxa5 23. Rd7 Re7 24. Rxe7 Bxe7 25. f4 exf4 26. Nxf4 Nxf4 27. Bxf4 Nb7 28.
Rc3 Rc8 29. Be3 Bd6 30. Rd3 Re8 31. Nc3 b4 32. Na4 Rxe4 33. Nb6 Be5+ 34. Kc1
Rxe3 35. Rxe3 Bf4 36. Kd2 Bxg5 0-1

[Event "Hastings Masters 2025-26"]
[Site "Hastings ENG"]
[Date "2026.01.01"]
[Round "7.22"]
[White "Dupuis, Denis K"]
[Black "Mazur, Stefan"]
[Result "0-1"]
[BlackTitle "IM"]
[WhiteElo "2045"]
[BlackElo "2392"]
[WhiteFideId "452980"]
[BlackFideId "14909332"]
[EventDate "2025.12.28"]

1. e4 Nc6 2. Nf3 d6 3. Nc3 g6 4. Bc4 Bg7 5. O-O e5 6. h3 h6 7. a3 Nge7 8. d3 O-O
9. Be3 Nd4 10. Bxd4 exd4 11. Ne2 c5 12. Nf4 Kh7 13. Qd2 Nc6 14. Ba2 h5 15. Nd5
Bh6 16. Qe2 Be6 17. Nh2 Ne7 18. Nxe7 Qxe7 19. Bxe6 fxe6 20. a4 Rf7 21. g3 Raf8
22. h4 e5 23. Kg2 Rf6 24. b3 Qf7 25. f3 g5 26. hxg5 Bxg5 27. Rh1 Rh6 28. g4 Qf4
29. Qf2 Rg8 30. Raf1 Qf6 31. Qe2 Be3 32. Qe1 Bf4 33. Rfg1 Rf8 34. Qe2 Be3 35.
Rf1 Qg5 36. Qe1 Bf4 37. Qe2 Rff6 38. Rfg1 Be3 39. Rf1 Kg7 40. Re1 Bf4 41. Reg1
Rfg6 42. Kf1 Be3 43. Rg2 h4 44. Qe1 h3 45. Rg3 Bd2 46. Qf2 Ba5 47. f4 exf4 48.
Rf3 d5 49. Qe2 Re6 50. Kf2 Rh8 51. Nf1 Qh4+ 52. Kg1 Qxg4+ 53. Rg3 Qxg3+ 54. Nxg3
Rg6 55. exd5 Kf7 56. Qe5 Rxg3+ 57. Kf2 Rg2+ 58. Kf3 Rg3+ 59. Kf2 Rg2+ 60. Kf3
Rg3+ 61. Kxf4 Rhg8 62. Qe6+ Kf8 63. Rf1 Re3 64. Qc8+ Kf7 65. Qd7+ Re7 66. Qf5+
Ke8 67. Qc8+ Bd8 68. d6 Rf8+ 69. Kg5 Re5+ 70. Kg6 Rxf1 71. Qxh3 Rf6+ 72. Kh7
Rxd6 73. Qf3 Re7+ 74. Kg8 Rg6+ 75. Kh8 Bc7 0-1

[Event "Hastings Masters 2025-26"]
[Site "Hastings ENG"]
[Date "2026.01.01"]
[Round "7.23"]
[White "Ortiz Sanchez, Luis"]
[Black "Finn, Peter"]
[Result "1-0"]
[BlackTitle "CM"]
[WhiteElo "2007"]
[BlackElo "2200"]
[WhiteFideId "24581160"]
[BlackFideId "432156"]
[EventDate "2025.12.28"]

1. e4 c5 2. Nf3 Nc6 3. Nc3 e6 4. d4 cxd4 5. Nxd4 Nf6 6. Be2 Bb4 7. O-O Bxc3 8.
bxc3 Nxe4 9. Nxc6 bxc6 10. Qd4 f5 11. Qxg7 Qf6 12. Bh5+ Kd8 13. Bg5 Qxg5 14.
Qxh8+ Kc7 15. Qe5+ d6 16. Qa5+ Kd7 17. Be2 Qd2 18. Ba6 Qxc3 19. Bxc8+ Kxc8 20.
Qa6+ Kc7 21. Rab1 Nc5 22. Qe2 Rg8 23. Rfe1 Qh3 24. f3 Rg6 25. Kh1 Qh4 26. Qd2
Qa4 27. Qc3 Nd7 28. Rb4 Qa6 29. Qh8 c5 30. Rb2 Ne5 31. Qxh7+ Kc6 32. f4 Nc4 33.
Qxg6 Nxb2 34. Qxe6 1-0

[Event "Hastings Masters 2025-26"]
[Site "Hastings ENG"]
[Date "2026.01.01"]
[Round "7.24"]
[White "Fryer, David W"]
[Black "Janse, Jan Jaap"]
[Result "0-1"]
[WhiteElo "1902"]
[BlackElo "2170"]
[WhiteFideId "406384"]
[BlackFideId "1010344"]
[EventDate "2025.12.28"]

1. b3 e5 2. Bb2 Nc6 3. e3 d5 4. Nf3 f6 5. h3 Be6 6. Be2 Nh6 7. O-O Qd7 8. d3
O-O-O 9. Re1 Bd6 10. Nc3 g5 11. Nh2 Rhg8 12. Ng4 Qg7 13. e4 d4 14. Nb1 Kb8 15.
Nxh6 Qxh6 16. Bg4 Bf7 17. Nd2 Qg6 18. Bf5 Qg7 19. Bg4 Rh8 20. Bh5 Bb4 21. Bxf7
Qxf7 22. a3 Bxd2 23. Qxd2 Rhg8 24. g3 Qe6 25. Kg2 h5 26. Rh1 Ne7 27. Rae1 Qc6
28. Kg1 Rdf8 29. c3 dxc3 30. Bxc3 Rd8 31. Bb4 Rg7 32. Qe2 Nc8 33. Kh2 g4 34. h4
Qb5 35. Qe3 Rg6 36. Qc5 Qxc5 37. Bxc5 b6 38. Bb4 a5 39. Bc3 Rxd3 40. Rc1 Nd6 41.
Rhe1 Nb5 42. Re3 Rxe3 43. fxe3 Nd6 44. b4 a4 45. Bb2 Nxe4 46. Rc6 Nd6 47. b5 Kb7 0-1

[Event "Hastings Masters 2025-26"]
[Site "Hastings ENG"]
[Date "2026.01.01"]
[Round "7.25"]
[White "Yoon, Jacob D"]
[Black "Kim, Changhoon"]
[Result "1-0"]
[WhiteTitle "CM"]
[BlackTitle "CM"]
[WhiteElo "2165"]
[BlackElo "1874"]
[WhiteFideId "446076"]
[BlackFideId "34117234"]
[EventDate "2025.12.28"]

1. d4 d5 2. c4 c6 3. Nc3 Nf6 4. e3 e6 5. Nf3 a6 6. b3 Bb4 7. Bd2 O-O 8. Bd3 Nbd7
9. O-O Bd6 10. e4 dxc4 11. bxc4 e5 12. c5 Bc7 13. Na4 exd4 14. h3 Re8 15. Qc2
Nf8 16. Rab1 Ng6 17. Nb6 Rb8 18. Rfe1 Be6 19. e5 Nd5 20. Bg5 Nde7 21. Nc4 Qd5
22. Nd6 Bxd6 23. exd6 Nf5 24. Be4 d3 25. Qc3 Qxa2 26. Qxd3 h6 27. Bxf5 Bxf5 28.
Qxf5 hxg5 29. Rxe8+ Rxe8 30. Rxb7 Qa1+ 31. Kh2 Qf6 32. Qxf6 gxf6 33. Rc7 Ra8 34.
d7 1-0

[Event "Hastings Masters 2025-26"]
[Site "Hastings ENG"]
[Date "2026.01.01"]
[Round "7.26"]
[White "Swiatkowski, Aram"]
[Black "Verbin, Valentina"]
[Result "0-1"]
[BlackTitle "WFM"]
[WhiteElo "1843"]
[BlackElo "2122"]
[WhiteFideId "343415210"]
[BlackFideId "13905910"]
[EventDate "2025.12.28"]

1. e4 e6 2. b3 c5 3. Bb2 Nc6 4. Nc3 Nf6 5. f4 d5 6. e5 Ng8 7. Nf3 a6 8. a4 Nh6
9. Qe2 Nf5 10. O-O-O Qa5 11. Qf2 h5 12. Bd3 Nfd4 13. Nxd4 cxd4 14. Ne2 Bd7 15.
f5 Nxe5 16. Qxd4 Nxd3+ 17. Qxd3 O-O-O 18. fxe6 fxe6 19. Be5 b5 20. axb5 axb5 21.
Qc3+ Qxc3 22. Bxc3 Bd6 23. Rdf1 Rdf8 24. g3 e5 25. d3 b4 26. Bb2 Bg4 27. Kd2 d4
28. Ke1 Bh3 29. Rxf8+ Rxf8 30. Bc1 Kd7 31. Bd2 Ke6 32. Nc1 Rc8 33. Na2 Rxc2 34.
Nxb4 Bxb4 0-1

[Event "Hastings Masters 2025-26"]
[Site "Hastings ENG"]
[Date "2026.01.01"]
[Round "7.27"]
[White "Eldridge, Albert"]
[Black "Burrows, Martin P"]
[Result "1/2-1/2"]
[WhiteElo "1781"]
[BlackElo "2117"]
[WhiteFideId "343438857"]
[BlackFideId "409057"]
[EventDate "2025.12.28"]

1. d4 Nf6 2. c4 g6 3. Nf3 Bg7 4. Nc3 O-O 5. e4 d6 6. Be3 Ng4 7. Bg5 h6 8. Bh4
Na6 9. h3 Nf6 10. Be2 c5 11. d5 e6 12. Nd2 e5 13. Qb3 Nc7 14. g4 Qe8 15. g5 Nh7
16. gxh6 Bxh6 17. Nb5 Nxb5 18. Qxb5 Ng5 19. Qxe8 Rxe8 20. Bg4 Kh7 21. Bxc8 Raxc8
22. Ke2 f5 23. f3 Rb8 24. a4 a6 25. Bxg5 Bxg5 26. b3 Rf8 27. Raf1 b5 28. axb5
axb5 29. h4 Bxd2 30. Kxd2 bxc4 31. bxc4 Rb2+ 32. Kd3 Rfb8 33. Rc1 R8b3+ 34. Rc3
Rxc3+ 35. Kxc3 Rf2 36. Rh3 f4 37. Kb3 Rg2 38. Ka4 Rb2 39. Ka5 Kg7 40. Rh1 Rb4
41. Rh2 Rb3 42. Rh3 Kh6 43. Ka4 Rb4+ 44. Ka5 Kh5 45. Ka6 Rb8 46. Ka5 Kh6 47. Ka6
Kg7 48. Ka7 Rb3 49. Ka6 Kf7 50. Ka5 Rb8 51. Ka6 Rb2 52. Ka5 Rb4 53. Ka6 Rxc4 54.
Kb5 Rc3 55. Kc6 Ke7 56. h5 gxh5 57. Rxh5 Rxf3 58. Rh7+ Kf6 59. Kxd6 c4 60. Rh6+
Kg5 61. Rh2 Rd3 62. Kxe5 f3 63. d6 c3 64. Rc2 Kg4 65. Ke6 Kg3 66. d7 f2 67. Rxc3
Rxc3 68. d8=Q f1=Q 69. Qg5+ Kh3 70. Qh6+ Kg4 71. Qg7+ Kh5 72. Qxc3 Qa6+ 73. Kd5
Qb7+ 74. Qc6 Qf7+ 75. Kd4 Qf2+ 76. Kc4 Qc2+ 77. Kd5 Qd3+ 78. Kc5 Qc3+ 79. Kb6
Qf3 80. Qe8+ Kg5 81. Qe5+ Kg6 82. Kc7 Kf7 83. Qd5+ Kg7 84. Qd7+ Kf6 85. Qd6+ Kf7
86. e5 Qb3 87. Qd7+ Kf8 88. Qd8+ Kf7 89. Qf6+ Ke8 90. Qh8+ Kf7 91. Qh7+ Kf8 92.
Qf5+ Ke7 93. Qg5+ Kf7 94. Qf6+ Ke8 95. Qc6+ Ke7 96. Qc5+ Ke8 97. Qc6+ Ke7 98.
Qd7+ Kf8 99. e6 Qc3+ 100. Kd8 Qa5+ 101. Kc8 Qc5+ 102. Kb7 Qb4+ 103. Kc8 Qc5+
104. Qc7 1/2-1/2

[Event "Hastings Masters 2025-26"]
[Site "Hastings ENG"]
[Date "2026.01.01"]
[Round "7.28"]
[White "White, Stuart A"]
[Black "Ratcliffe, James"]
[Result "1-0"]
[WhiteElo "2072"]
[BlackElo "1845"]
[WhiteFideId "407747"]
[BlackFideId "343432840"]
[EventDate "2025.12.28"]

1. c4 Nf6 2. Nc3 c5 3. Nf3 e6 4. g3 Nc6 5. Bg2 d6 6. d4 cxd4 7. Nxd4 Bd7 8. Ndb5
Qb8 9. Bf4 Ne5 10. Qd4 a6 11. Na3 Ng6 12. Bg5 Be7 13. Rd1 Bc6 14. e4 O-O 15. O-O
Rd8 16. Nc2 Qc7 17. Be3 Nd7 18. Nb4 Nf6 19. Nxc6 bxc6 20. h3 Rab8 21. Qd2 Ne5
22. b3 c5 23. f4 Nc6 24. g4 d5 25. exd5 exd5 26. Nxd5 Nxd5 27. Bxd5 Nb4 28. Qg2
Nxd5 29. Rxd5 Rxd5 30. cxd5 f5 31. Rd1 Bd6 32. Qf2 Rb4 33. Rc1 c4 34. Rxc4 Rxc4
35. bxc4 Qxc4 36. Qd2 fxg4 37. hxg4 g5 38. Qd4 Qxd4 39. Bxd4 gxf4 40. Kg2 Kf7
41. Kf3 Kg6 42. Bc3 h5 43. Bd2 hxg4+ 44. Kxg4 Kf6 45. Bxf4 Bc5 46. Bc7 Bb6 47.
Bd6 Bd4 48. Kf4 Bc3 49. Ke4 Kf7 50. Kf5 Ba5 51. Bc5 Bc3 52. a4 Ba5 53. Ke5 Ke8
54. Kd6 Kd8 55. Kc6 Kc8 56. d6 Bd8 57. Bd4 Kb8 58. Bg7 Kc8 59. Bf8 Ba5 60. Be7
Kb8 61. d7 Ka7 62. Bc5+ Kb8 63. Bb6 Bxb6 64. Kxb6 a5 65. d8=Q# 1-0

[Event "Hastings Masters 2025-26"]
[Site "Hastings ENG"]
[Date "2026.01.01"]
[Round "7.29"]
[White "Tudoroiu, Razvan-Catalin"]
[Black "Sow, MiaoGeng Malcolm"]
[Result "1-0"]
[WhiteElo "2063"]
[BlackElo "1842"]
[WhiteFideId "1281100"]
[BlackFideId "5817501"]
[EventDate "2025.12.28"]

1. d4 Nf6 2. c4 e6 3. Nf3 c5 4. d5 exd5 5. cxd5 d6 6. Nc3 g6 7. Nd2 Nbd7 8. e4
Bg7 9. Be2 O-O 10. O-O Ne8 11. a4 b6 12. Nc4 f5 13. exf5 Rxf5 14. Ne3 Rf8 15. f4
Qh4 16. g3 Qe7 17. Re1 Bd4 18. Bg4 Nc7 19. Kg2 Nf6 20. Nf5 Qxe1 21. Qxe1 gxf5
22. Bf3 Re8 23. Qd1 Bb7 24. Ne2 Rxe2+ 25. Qxe2 Re8 26. Qc2 Ne4 27. Ra3 Bxd5 28.
Rd3 Ne6 29. Be3 Kg7 30. Bxd4+ cxd4 31. Qd1 Nf6 32. Bxd5 Nxd5 33. Qc1 Nb4 34. Rd2
d5 35. Qd1 d3 36. Qb3 a5 37. Rxd3 Nxd3 38. Qxd3 d4 39. Qxf5 Nc5 40. Qg5+ Kf7 41.
Qd5+ 1-0

[Event "Hastings Masters 2025-26"]
[Site "Hastings ENG"]
[Date "2026.01.01"]
[Round "7.30"]
[White "Brewer, Callum D"]
[Black "Norinkeviciute, Rasa"]
[Result "1/2-1/2"]
[BlackTitle "WFM"]
[WhiteElo "2175"]
[BlackElo "1904"]
[WhiteFideId "435309"]
[BlackFideId "12801925"]
[EventDate "2025.12.28"]

1. e4 c5 2. Nf3 d6 3. d4 cxd4 4. Nxd4 Nf6 5. Nc3 a6 6. Be3 e5 7. Nb3 Be6 8. h3
h5 9. f4 Qc7 10. Qf3 Nbd7 11. O-O-O b5 12. Bd3 Nb6 13. Bxb6 Qxb6 14. Nd5 Bxd5
15. exd5 O-O-O 16. Rhe1 Re8 17. Kb1 Kb8 18. Rc1 Nd7 19. Bf5 Nc5 20. Nd4 g6 21.
Nc6+ Ka8 22. Bd3 Bh6 23. Rcd1 exf4 24. Bf1 1/2-1/2

[Event "Hastings Masters 2025-26"]
[Site "Hastings ENG"]
[Date "2026.01.01"]
[Round "7.31"]
[White "Rida, Ruqayyah"]
[Black "Swiatkowski, Dominik"]
[Result "1-0"]
[WhiteTitle "WFM"]
[WhiteElo "2068"]
[BlackElo "1874"]
[WhiteFideId "343272375"]
[BlackFideId "343415202"]
[EventDate "2025.12.28"]

1. e4 e5 2. Nf3 Nc6 3. Bc4 Bc5 4. O-O Nf6 5. d3 d6 6. c3 a6 7. Bb3 Ba7 8. Re1 h6
9. Be3 Bxe3 10. Rxe3 O-O 11. Nbd2 Ne7 12. d4 Ng6 13. Nf1 Qe7 14. Ng3 Bd7 15. h3
Nf4 16. Qd2 g5 17. Rae1 g4 18. Nh4 Nxe4 19. Nxe4 Qxh4 20. dxe5 Bf5 21. Nf6+ Kh8
22. hxg4 dxe5 23. Rxe5 Qxf6 24. Rxf5 1-0